[Event "43rd Capablanca Memorial Open"]
[Site "Havana CUB"]
[Date "2008.05.17"]
[Round "10"]
[White "Pazos Gambarrotti,P"]
[Black "Guerra,Le"]
[Result "1-0"]
[WhiteElo "2361"]
[BlackElo "2176"]

1.d4 Nf6 2.Nf3 e6 3.c4 b6 4.a3 Bb7 5.Nc3 d5 6.cxd5 Nxd5 7.e3 Be7 8.Bb5+ c6
9.Bd3 Nd7 10.e4 Nxc3 11.bxc3 Qc8 12.O-O Ba6 13.c4 e5 14.Nxe5 Nxe5 15.dxe5 Qe6
16.Qa4 Bb7 17.Bb2 O-O 18.Rad1 Rfd8 19.Qc2 Bc5 20.Be2 Qe7 21.Qc3 h6 22.Qg3 Ba6
23.Kh1 Rxd1 24.Rxd1 Rd8 25.Rxd8+ Qxd8 26.e6 f6 27.h4 Qe7 28.Qb8+ Kh7 29.Bg4 h5
30.Bf5+ g6 31.Bh3 Bxc4 32.Qc8 Bb5 33.f4 Bd6 34.Qd7 Qxd7 35.exd7 Be7 36.f5 Bd8
37.e5 fxe5 38.Bxe5 gxf5 39.Bxf5+ Kg8 40.g4 Be2 41.g5 Bc4 42.Bf6  1-0

[Event "III President's Cup"]
[Site "Baku AZE"]
[Date "2008.05.18"]
[Round "7"]
[White "Sulashvili,M"]
[Black "Short,N"]
[Result "1/2-1/2"]
[WhiteElo "2491"]
[BlackElo "2660"]

1.d4 Nf6 2.Nf3 e6 3.c4 b6 4.a3 c6 5.Nc3 d5 6.e3 Nbd7 7.Bd3 Bb7 8.O-O Be7
9.cxd5 cxd5 10.Ne5 O-O 11.f4 Ne4 12.Bd2 f6 13.Nxd7 Qxd7 14.Nxe4 dxe4 15.Be2 Bd5
16.Bb4 Bxb4 17.axb4 Rfc8 18.Qd2 Rc7 19.Rfc1 Rac8 20.Ba6 Rxc1+ 21.Rxc1 Rxc1+
22.Qxc1 Kf7 23.Be2 Ke7 24.Kf2 Qd6 25.Qc3 Kd8 26.b5 Kd7 27.Ke1  1/2-1/2

[Event "LXXII ch-CRC Fase 1"]
[Site "Moravia CRC"]
[Date "2008.05.18"]
[Round "2"]
[White "Granados,C"]
[Black "Vega,Ed"]
[Result "1/2-1/2"]
[WhiteElo "2201"]
[BlackElo "2106"]

1.d4 Nf6 2.c4 e6 3.Nf3 b6 4.a3 Bb7 5.Nc3 Ne4 6.Bf4 Bd6 7.Bg3 O-O 8.Qc2 f5
9.e3 Nxc3 10.Bxd6 cxd6 11.bxc3 Bxf3 12.gxf3 Nc6 13.Bd3 Qh4 14.O-O-O  1/2-1/2

[Event "XXVII Open"]
[Site "Zalakarosi HUN"]
[Date "2008.05.27"]
[Round "6"]
[White "Lizak,P"]
[Black "Csiszar,C"]
[Result "1/2-1/2"]
[WhiteElo "2226"]
[BlackElo "2415"]

1.d4 Nf6 2.c4 e6 3.Nf3 b6 4.a3 Bb7 5.Nc3 d5 6.Qa4+ Bc6 7.Qc2 Be7 8.cxd5 Nxd5
9.e4 Nxc3 10.bxc3 Nd7 11.c4 e5 12.Bb2 f6 13.Be2 Bd6 14.c5 bxc5 15.dxe5 fxe5
16.Bc4 Qf6 17.Bc1 h6 18.O-O g5 19.h3 Qg6 20.Nd2 Nf6 21.f3 g4 22.fxg4 h5 23.g5 Qxg5
24.Nf3 Qg3 25.Bg5 Nxe4 26.Bb5 Bxb5 27.Qxe4 Kd7 28.Qf5+ Kc6 29.Qe4+ Kd7 30.Qf5+ Kc6
31.Qe4+  1/2-1/2

[Event "Doroshkevich mem"]
[Site "Maykop RUS"]
[Date "2008.05.28"]
[Round "5"]
[White "Pushkov,N"]
[Black "Anoshkin,A1"]
[Result "1-0"]
[WhiteElo "2513"]
[BlackElo "2379"]

1.d4 Nf6 2.Nf3 e6 3.c4 b6 4.a3 Ba6 5.Qc2 d5 6.cxd5 exd5 7.g3 Bd6 8.Bg2 O-O
9.O-O Re8 10.Re1 Nbd7 11.Nc3 c5 12.Bg5 h6 13.Bxf6 Nxf6 14.Rad1 c4 15.Nh4 Bb7
16.Nf5 Bf8 17.e3 Qd7 18.f3 b5 19.e4 dxe4 20.fxe4 Nxe4 21.Nxh6+ gxh6 22.Nxe4 Qc6
23.d5 Qg6 24.Qf2 Kh8 25.Nc3 Qb6 26.Qxb6 axb6 27.Nxb5 Bc5+ 28.Kh1 Rxe1+ 29.Rxe1 Rd8
30.Rd1 Kg8 31.Bf3 Kf8 32.Kg2 Bc8 33.Be2 Bd7 34.Bxc4 Bxb5 35.Bxb5 Ke7 36.Kf3 Rc8
37.b4 Bd6 38.Bc6 Rc7 39.Rd4 Ra7 40.a4 Kf6 41.Rh4 Kg5 42.Re4 Kf6 43.Rd4 Kg5
44.Ke3 Re7+ 45.Kd3 Re1 46.Kc4 Kf6 47.Kb5 Rb1 48.Rh4 Ke7 49.Re4+ Kf6 50.Kxb6 Bxb4
51.Bb5 Bd6 52.Kc6 Be5 53.a5 Rc1+ 54.Rc4  1-0

[Event "XXX Nezhmetdinov Mem"]
[Site "Kazan RUS"]
[Date "2008.06.02"]
[Round "2"]
[White "Kamov,I"]
[Black "Andreev,Ed UKR"]
[Result "0-1"]
[WhiteElo "2252"]
[BlackElo "2459"]

1.d4 Nf6 2.c4 e6 3.Nf3 b6 4.a3 Ba6 5.Qc2 Bb7 6.Nc3 c5 7.e4 cxd4 8.Nxd4 Bc5
9.Nb3 Nc6 10.Be2 O-O 11.O-O Nd4 12.Nxd4 Bxd4 13.Bd3 Bxc3 14.Qxc3 Bxe4 15.Bg5 Bxd3
16.Qxd3 h6 17.Bh4 d5 18.Rfd1 dxc4 19.Qxc4 Qc8 20.Qxc8 Rfxc8 21.Bxf6 gxf6
22.Rd2 Kf8 23.g3 Rd8 24.Rad1 Ke7 25.Kg2 Rxd2 26.Rxd2 Rc8 27.Kf3 f5 28.Ke3 e5
29.h4 h5 30.Kf3 Rc4 31.Re2 f6 32.Rd2 a5 33.Rd5 Rc5 34.Rd2 a4 35.Ke3 Rb5 36.Kf3 Rb3+
37.Kg2 e4 38.Rc2 Ke6 39.Kf1 b5 40.Rd2 f4 41.gxf4 Kf5 42.Rc2 Kxf4  0-1

[Event "ch-Panamerican U20"]
[Site "Cali COL"]
[Date "2008.06.12"]
[Round "4"]
[White "Lemos,D"]
[Black "Perez Olarte,C"]
[Result "1-0"]
[WhiteElo "2458"]
[BlackElo "2043"]

1.d4 Nf6 2.Nf3 e6 3.c4 b6 4.a3 Bb7 5.Nc3 Be7 6.d5 O-O 7.e4 exd5 8.cxd5 Re8
9.Bd3 Na6 10.O-O Nc5 11.Bc2 Bd6 12.Re1 Ng4 13.Nb5 Qf6 14.Nxd6 Qxd6 15.b4 Na6
16.Bb2 f6 17.h3 Ne5 18.Nd4 Qf8 19.f4 Ng6 20.Qg4 Rad8 21.Rad1 c5 22.dxc6  1-0

[Event "IM"]
[Site "Danang VIE"]
[Date "2008.06.12"]
[Round "3"]
[White "Nava,R"]
[Black "Nguyen Thien Viet"]
[Result "1/2-1/2"]
[WhiteElo "2345"]
[BlackElo "2321"]

1.d4 Nf6 2.Nf3 e6 3.c4 b6 4.a3 Bb7 5.Nc3 d5 6.Bg5 Be7 7.Qa4+ c6 8.Bxf6 Bxf6
9.cxd5 exd5 10.g3 O-O 11.Bg2 Nd7 12.O-O Re8 13.Rfe1 c5 14.Rad1 Rc8 15.Qb3 c4
16.Qc2 a6 17.h4 b5 18.Nh2 Nb6 19.e4 dxe4 20.Nxe4 Bd5 21.Ng4 Be7 22.Ne3 Bf8
23.Ng5 g6 24.Nxd5 Rxe1+ 25.Rxe1 Nxd5 26.Qe4 Qe7 27.Qe5 Qxe5 28.dxe5 Nb6 29.e6 fxe6
30.Rxe6 Rb8 31.h5 gxh5 32.Be4 Bg7 33.Bxh7+ Kh8 34.Bc2 Bxb2 35.Rg6 Bg7 36.Ne6 Bb2
37.Ng5 Bg7 38.Ne6 Bb2 39.Ng5 Bg7 40.Nf7+ Kg8 41.Ng5 Kh8 42.Ne6 Bb2 43.Ng5 Bg7  1/2-1/2

[Event "ch-Panamerican U20"]
[Site "Cali COL"]
[Date "2008.06.13"]
[Round "6"]
[White "Guerrero,JuC"]
[Black "Perez Olarte,C"]
[Result "1-0"]
[WhiteElo "2232"]
[BlackElo "2043"]

1.d4 Nf6 2.c4 e6 3.Nf3 b6 4.a3 Bb7 5.Nc3 d5 6.cxd5 exd5 7.g3 Be7 8.Bg2 O-O
9.O-O c5 10.Bf4 a6 11.dxc5 bxc5 12.Qb3 Bc6 13.Ne5 c4 14.Qd1 Bb7 15.Nxc4 a5
16.Ne3 Nh5 17.Nexd5 Nxf4 18.Nxf4 Qc8 19.Ncd5 Bd8 20.Rc1 Qf5 21.Qb3 Ra7 22.Ne3 Qd7
23.Rfd1 Qe7 24.Nf5 Qe5 25.Bxb7 Qxf5 26.Bc8  1-0

[Event "8th TCh-Euro U18 Girls"]
[Site "Szeged HUN"]
[Date "2008.06.16"]
[Round "3"]
[White "Vojinovic,J"]
[Black "Ignacz,M"]
[Result "1/2-1/2"]
[WhiteElo "2217"]
[BlackElo "2173"]

1.d4 Nf6 2.Nf3 e6 3.c4 b6 4.a3 Bb7 5.Nc3 d5 6.cxd5 Nxd5 7.e3 Be7 8.Bb5+ c6
9.Bd3 O-O 10.e4 Nxc3 11.bxc3 c5 12.O-O Ba6 13.Bxa6 Nxa6 14.Bf4 cxd4 15.cxd4 Nc7
16.Qd3 Bd6 17.Be3 Qd7 18.Rfd1 Rac8 19.a4 h6 20.g3 Rfd8 21.Nd2 Bb4 22.Nc4 Ne8
23.Qb3 Be7 24.f3 Qb7 25.Rac1 Bf6 26.Qb4 Rd7 27.Na3 Rcd8 28.Nc2 Nc7 29.Rd2 Na6
30.Qb5 Qc8 31.Rcd1 Rc7 32.Qe2 Rc4 33.Ra1 Rd7 34.Ra2 Qc6 35.a5 b5 36.Na3 Rc3
37.Nxb5 Rxe3 38.Qxe3 Qxb5 39.Kg2 Bg5 40.f4 Be7 41.d5 exd5 42.exd5 Nb4 43.Rab2 Nxd5
44.Qe4 Nb4 45.Qa8+ Kh7 46.Qe4+ f5 47.Qe2 Qc6+ 48.Qf3 Nd5 49.Rd3 Qe6 50.Re2 Qf7
51.Red2 Bb4 52.Rd1 Nf6 53.Rxd7 Nxd7 54.Qd5 Qh5 55.Qxd7 Qe2+ 56.Kh3 Qg4+ 57.Kg2 Qe2+  1/2-1/2

[Event "Open"]
[Site "Teplice CZE"]
[Date "2008.06.18"]
[Round "5"]
[White "Snorek,M"]
[Black "Loktiev,I"]
[Result "1/2-1/2"]
[WhiteElo "2127"]
[BlackElo "2327"]

1.d4 e6 2.Nf3 Nf6 3.c4 b6 4.a3 Bb7 5.Nc3 Ne4 6.Nxe4 Bxe4 7.Bg5 Be7 8.Bxe7 Qxe7
9.Nd2 Bb7 10.Qc2 c5 11.dxc5 Qxc5 12.b4 Qc7 13.e4 O-O 14.Bd3 Nc6 15.O-O Ne5
16.f4 Nxd3 17.Qxd3 d6 18.Rac1 Rfe8 19.Rfe1 Rac8 20.h3 Red8 21.Qe3  1/2-1/2

[Event "Open"]
[Site "Teplice CZE"]
[Date "2008.06.20"]
[Round "7"]
[White "Vales,V"]
[Black "Stastny,Pe"]
[Result "1-0"]
[WhiteElo "2183"]
[BlackElo "2049"]

1.d4 Nf6 2.Nf3 e6 3.c4 b6 4.a3 Bb7 5.Nc3 d5 6.cxd5 exd5 7.Bg5 Be7 8.e3 O-O
9.Rc1 c5 10.Bd3 Nbd7 11.O-O Ne4 12.Bf4 Rc8 13.Qe2 Nxc3 14.Rxc3 c4 15.Bb1 Re8
16.Nd2 Bf6 17.Qg4 Nf8 18.Nf3 Ng6 19.Bg3 b5 20.h4 Rc6 21.Ng5 Nf8 22.Bf4 Bc8
23.Qg3 h5 24.Nf3 a5 25.Bg5 Ra6 26.Ne5 Bxg5 27.hxg5 f6 28.gxf6 Rxf6 29.f4 Bf5
30.Qf3 Bxb1 31.Rxb1 Rh6 32.e4 dxe4 33.Qxe4 Rd6 34.Rd1 h4 35.Qb7 Re7 36.Qxb5 Rxd4
37.Qxc4+ Ne6 38.Rcd3 Rxd3 39.Rxd3 Qb6+ 40.Kh2 Qxb2 41.Rd8+  1-0

[Event "White Nights Open"]
[Site "St Petersburg RUS"]
[Date "2008.06.21"]
[Round "1"]
[White "Utkin,Alex"]
[Black "Tsvetkov,Alexe"]
[Result "1-0"]
[WhiteElo "2187"]
[BlackElo "1892"]

1.d4 Nf6 2.Nf3 e6 3.c4 b6 4.a3 Ba6 5.e3 d5 6.Qa4+ Qd7 7.Qc2 Bd6 8.b3 c5 9.Bd3 O-O
10.O-O Nc6 11.Bb2 Rac8 12.Ne5 Qe7 13.Nd2 h6 14.Qd1 Rfd8 15.Nxc6 Rxc6 16.cxd5 Bxd3
17.dxc6 Bxf1 18.Nxf1 Qc7 19.Qf3 Nd5 20.e4 Nf4 21.e5  1-0

[Event "XXVI Balatoni Sakkfesztival IM"]
[Site "Balatonlelle HUN"]
[Date "2008.06.22"]
[Round "10"]
[White "Mitscherling,A"]
[Black "Grover,S"]
[Result "1-0"]
[WhiteElo "2281"]
[BlackElo "2300"]

1.d4 Nf6 2.c4 e6 3.Nf3 b6 4.a3 c5 5.Nc3 cxd4 6.Nxd4 Bb7 7.f3 d5 8.cxd5 e5
9.Qa4+ Qd7 10.Ndb5 Kd8 11.Be3 Na6 12.b4 Nc7 13.Bg5 a5 14.Nxc7 Qxc7 15.Ne4 axb4
16.Qb3 Rxa3 17.Rxa3 bxa3 18.Nxf6 gxf6 19.Bxf6+ Kc8 20.Bxh8 Qc1+ 21.Kf2 Qb2
22.Qxb2 axb2 23.g3  1-0

[Event "Serbia Cup"]
[Site "Zlatibor SRB"]
[Date "2008.06.22"]
[Round "7"]
[White "Sekulic,D"]
[Black "Savic,Miod1"]
[Result "1/2-1/2"]
[WhiteElo "2351"]
[BlackElo "2542"]

1.d4 Nf6 2.c4 e6 3.Nf3 b6 4.a3 d5 5.e3 Be7 6.Nbd2 O-O 7.Bd3 Bb7 8.b3 c5 9.Bb2 cxd4
10.exd4 Nbd7 11.O-O Bd6 12.Re1 Rc8 13.Ne5 dxc4 14.Ndxc4 Bb8 15.a4 Re8 16.Re3 Nf8
17.Rg3 Ng6 18.Ne3 Ne4 19.Rg4 Nc3 20.Bxc3 Rxc3 21.Nxg6 hxg6 22.Bc4 Qd6 23.Rh4 e5
24.d5 e4 25.Qd4 Qf6 26.Qxf6 gxf6 27.Bb5 Rd8 28.Rxe4 Be5 29.Rb1 Kg7 30.g3 Bxd5
31.Nxd5 Rxd5 32.Bc4 Rd2 33.Rbe1 Bd6 34.R4e2 Rd4 35.Re4 Rxe4 36.Rxe4 Bc5 37.Kg2 Rc1
38.Re2 Rd1 39.h4 f5 40.Kf3 Kf6 41.Re8 Rc1 42.Re2 Rc3+ 43.Kg2 Bb4 44.Re8 Rc2  1/2-1/2

[Event "TCh-TUR"]
[Site "Kocaeli TUR"]
[Date "2008.06.24"]
[Round "2"]
[White "Sirin,A"]
[Black "Koc,Su"]
[Result "1-0"]
[WhiteElo "2107"]
[BlackElo "2048"]

1.d4 e6 2.c4 Nf6 3.Nf3 b6 4.a3 Bb7 5.Nc3 d5 6.Bg5 Be7 7.Qa4+ Nbd7 8.Ne5 O-O
9.Nc6 Bxc6 10.Qxc6 dxc4 11.e4 h6 12.Bf4 Rc8 13.Rd1 Nb8 14.Qxc4 Nh5 15.Bg3 Nxg3
16.hxg3 c6 17.Qe2 Nd7 18.e5 Qc7 19.f4 Kh8 20.g4 f6 21.g3 Rf7 22.exf6 Bxf6
23.Ne4 c5 24.g5 Be7 25.Qh5 Rcf8 26.Bc4 cxd4 27.Bxe6 Qc6 28.Qg6 Nf6 29.Bxf7 Qxe4+
30.Qxe4 Nxe4 31.Bg6 Nxg3 32.Rh3 Nf5 33.Bxf5 Rxf5 34.Rxd4 Bf8 35.Ke2 Kh7 36.gxh6 gxh6
37.Kf3 Rf7 38.Rd5 Bg7 39.b4 Bf8 40.Ke4 a6 41.Rhd3 Kg6 42.Re5 Kg7 43.Re6 Rb7
44.f5 a5 45.b5 Bc5 46.Rg3+ Kh7 47.Rh3 Bf8 48.Kd5 Rf7 49.Ke5 Rb7 50.a4 Bg7+
51.f6 Bf8 52.Kf5 Bc5 53.Rd3 Rf7 54.Re8 Rf8 55.Ke4  1-0

[Event "White Nights Open"]
[Site "St Petersburg RUS"]
[Date "2008.06.26"]
[Round "6"]
[White "Shpartko,G"]
[Black "Utkin,Alex"]
[Result "0-1"]
[WhiteElo "2067"]
[BlackElo "2187"]

1.d4 Nf6 2.c4 e6 3.Nf3 b6 4.a3 Bb7 5.Nc3 d5 6.Bg5 Be7 7.g3 O-O 8.Bg2 dxc4
9.O-O a6 10.a4 h6 11.Bxf6 Bxf6 12.e4 Nc6 13.e5 Be7 14.Qc2 Nxd4 15.Nxd4 Bxg2
16.Nxe6 fxe6 17.Kxg2 Qd3 18.Qe2 Qxe2 19.Nxe2 Rad8 20.Rad1 Bc5 21.f4 Rd3 22.Rxd3 cxd3
23.Nc3 Bb4 24.Ne4 Rd8 25.Rd1 d2 26.Kf3 Rd3+ 27.Ke2 Rb3 28.Rb1 Kf7 29.Nxd2 Bxd2
30.Kxd2 c5 31.Kc2 Rf3 32.Rd1 Rf2+ 33.Kb1 Rxh2 34.Rd7+ Kg6 35.Re7 Rg2 36.Rxe6+ Kf5
37.Rxb6 Rxg3 38.Rxa6 h5 39.e6 h4 40.e7 Re3 41.Ra7 h3 42.e8=Q Rxe8 43.Rxg7 h2
44.Rh7 Re1+ 45.Ka2 h1=Q 46.Rxh1 Rxh1 47.Kb3 Ke6 48.Kc4 Kd6 49.f5 Rf1 50.Kb5 Rb1
51.a5 Rxb2+ 52.Ka6 c4 53.Ka7 c3 54.f6 Ke6 55.f7 Kxf7 56.a6 c2 57.Ka8 c1=Q
58.a7 Qc6+  0-1

[Event "TCh-TUR"]
[Site "Kocaeli TUR"]
[Date "2008.06.27"]
[Round "7"]
[White "Soylemez,C"]
[Black "Dzagnidze,N"]
[Result "0-1"]
[WhiteElo "1849"]
[BlackElo "2443"]

1.d4 Nf6 2.c4 e6 3.Nf3 b6 4.a3 Ba6 5.Qc2 Bb7 6.Nc3 c5 7.e4 cxd4 8.Nxd4 Bc5
9.Nb3 Nc6 10.Be2 O-O 11.O-O h6 12.Bf4 e5 13.Bg3 Nd4 14.Nxd4 Bxd4 15.Nd5 Nxd5
16.cxd5 f5 17.exf5 Bxd5 18.Bd3 Rc8 19.Qe2 Qf6 20.Rfe1 d6 21.Rac1 Kh8 22.b4 Bg8
23.Qh5 Bf7 24.Qg4 h5 25.Qh4 a5 26.Qxf6 gxf6 27.Ba6 Rc3 28.Rxc3 Bxc3 29.Re4 d5
30.Rh4 axb4 31.axb4 d4 32.Be2 Bxb4 33.Bxh5 Bxh5 34.Rxh5+ Kg7 35.Rh4 Ra8 36.Kf1 d3  0-1

[Event "XII Izmailov Mem"]
[Site "Tomsk RUS"]
[Date "2008.06.27"]
[Round "3"]
[White "Nigametzianov,M"]
[Black "Karpov,Vi"]
[Result "1-0"]
[WhiteElo "2373"]
[BlackElo "2160"]

1.d4 Nf6 2.c4 e6 3.Nf3 b6 4.a3 Bb7 5.Nc3 d5 6.cxd5 exd5 7.g3 a6 8.Bg2 Bd6
9.O-O Nbd7 10.Nh4 g6 11.Qb3 c6 12.Bg5 h6 13.Bd2 Kf8 14.Rac1 Kg7 15.e4 dxe4
16.Nxe4 Nxe4 17.Bxe4 Rc8 18.Qf3 Be7 19.Ng2 Nb8 20.Bc3 Bf6 21.Ne3 h5 22.Nc4 Re8
23.Rfe1 Re6 24.Ne5 Nd7 25.Bb1 Qc7 26.Qd3 Bxe5 27.dxe5 c5 28.Rcd1 Qc6 29.Qe4 Qc7
30.Qf4 c4 31.Rd6 Rce8 32.Red1 R8e7 33.Qd4 Nb8 34.f4 Ba8 35.Re1 Kh7 36.Re3 Nc6
37.Qd1 Qb7 38.Rxe6 fxe6 39.Qxh5+  1-0

[Event "ChInt Open"]
[Site "Paris FRA"]
[Date "2008.06.28"]
[Round "1"]
[White "Almeida Quintana,O"]
[Black "Grover,S"]
[Result "1/2-1/2"]
[WhiteElo "2527"]
[BlackElo "2300"]

1.d4 Nf6 2.Nf3 e6 3.c4 b6 4.a3 c5 5.d5 Ba6 6.Qc2 exd5 7.cxd5 g6 8.Nc3 Bg7
9.Bf4 d6 10.Qa4+ Qd7 11.Bxd6 Qxa4 12.Nxa4 Nxd5 13.e4 Bxf1 14.Rxf1 Ne7 15.Nc3 Nbc6
16.O-O-O Bxc3 17.bxc3 f6 18.e5 fxe5 19.Nxe5 Nxe5 20.Bxe5 O-O 21.Rd7 Rf7 22.Rfd1 Nc6
23.Bg3 Re8 24.R7d6 Na5 25.h4 Nc4 26.Rd8 Kf8 27.h5 Rxd8 28.Rxd8+ Ke7 29.hxg6 hxg6
30.Rg8 Kf6 31.a4 Rd7 32.Re8 Rd3 33.Rf8+ Ke7 34.Rg8 Kf7 35.Ra8 Rxc3+ 36.Kd1 a5
37.Bc7 Nb2+ 38.Kd2 Rb3 39.Kc2 Rb4 40.Bxb6 Rxb6 41.Rxa5 c4 42.Ra7+ Ke6 43.a5 Rb3
44.Ra6+ Kd5 45.Rb6 Nd3 46.Rxb3 Ne1+ 47.Kc3 cxb3 48.a6 Kc6 49.Kxb3 Kb6 50.Kc4 Nxg2
51.Kd5  1/2-1/2

[Event "White Nights Open"]
[Site "St Petersburg RUS"]
[Date "2008.06.28"]
[Round "8"]
[White "Shpartko,G"]
[Black "Klobukov,S"]
[Result "0-1"]
[WhiteElo "2067"]
[BlackElo "1971"]

1.d4 Nf6 2.c4 e6 3.Nf3 b6 4.a3 Bb7 5.Nc3 Be7 6.Bg5 O-O 7.e3 Ne4 8.Nxe4 Bxe4
9.Bxe7 Qxe7 10.Bd3 Bxd3 11.Qxd3 c5 12.d5 d6 13.Rd1 e5 14.e4 Nd7 15.Nd2 f5
16.O-O f4 17.f3 Qh4 18.Qe2 Rf6 19.Qf2 Qh5 20.g4 fxg3 21.hxg3 Rh6 22.Qg2 Rf8
23.Kf2 Qg5 24.Ke2 Nf6 25.Rg1 Rg6 26.Nf1 Nh5 27.Kf2 Qg4 28.Ne3 Qxe4 29.g4 Qf4
30.Qh3 Nf6 31.Ke2 Rh6 32.Qg3 Rh2+ 33.Kf1 Qxe3 34.Qxh2 Qxf3+ 35.Ke1 Qe3+ 36.Qe2 Qxg1+
37.Kd2 Qxg4 38.Qxg4 Nxg4 39.Rg1 h5 40.Rh1 g6 41.b4 Rf4 42.bxc5 bxc5 43.a4 Rxc4
44.a5 Ra4 45.Rg1 Rxa5 46.Kd3 Kg7 47.Ke4 Ra4+ 48.Kf3 a5 49.Kg3 Rf4 50.Rb1 Kh6
51.Rb6 Rf6 52.Ra6 Kg5 53.Rxa5 h4+ 54.Kg2 Rf2+ 55.Kg1 h3 56.Ra1 Rg2+ 57.Kf1 Ne3+
58.Ke1 h2  0-1

[Event "ChInt Open"]
[Site "Paris FRA"]
[Date "2008.06.30"]
[Round "3"]
[White "Almeida Quintana,O"]
[Black "Salaun,Y"]
[Result "1-0"]
[WhiteElo "2527"]
[BlackElo "2319"]

1.d4 Nf6 2.c4 e6 3.Nf3 b6 4.a3 Bb7 5.Nc3 d5 6.cxd5 exd5 7.Bg5 Be7 8.e3 O-O
9.Bd3 Ne4 10.Bf4 Nxc3 11.bxc3 Nd7 12.O-O Re8 13.Qc2 g6 14.a4 a6 15.Rab1 c5
16.Nd2 Rc8 17.Qa2 Kg7 18.Rfe1 Bf6 19.Bg3 h5 20.f3 Re6 21.Bf2 cxd4 22.cxd4 Rc3
23.Rb3 Qc7 24.Qb2 Rec6 25.Rxc3 Rxc3 26.Bb1 Be7 27.e4 Ba3 28.Qa2 Bb4 29.Qb2 Ba3
30.Qa2 Bb4 31.Qb2 a5 32.e5 Nf8 33.f4 Bc8 34.Bh4 Bf5 35.Rf1 Qd7 36.Nf3 Bxb1
37.Qxb1 Qxa4 38.e6 fxe6 39.Qe1 Qc2 40.Qe5+ Kg8 41.Qb8 Qe2 42.h3 Rc1 43.Rxc1 Qe3+
44.Kh2 Qxc1 45.Bf6 a4 46.Be5 Qc6 47.Qd8 Qd7 48.Qxb6 Be7 49.Qa6 Kf7 50.Ne1 g5
51.fxg5 Bxg5 52.Nd3 Ng6 53.Bb8 Bf6 54.Nc5 Qe7 55.Qxa4 h4 56.Nd3 Qb7 57.Bd6 Ne7
58.Be5 Ng6 59.Qd1 Qe7 60.Qh5 Kg7 61.Qg4 Kh6 62.Nf4 Nxf4 63.Qxf4+ Bg5 64.Qf3 Qh7
65.Qf8+ Kg6 66.g3 hxg3+ 67.Kxg3 Qb7 68.Kg4 Bc1 69.Qf6+ Kh7 70.Kh5  1-0

[Event "Sparkassen Open"]
[Site "Dortmund GER"]
[Date "2008.07.01"]
[Round "2"]
[White "Mackowiak,M"]
[Black "Wittenberg,A"]
[Result "0-1"]
[WhiteElo "2208"]
[BlackElo "2002"]

1.d4 Nf6 2.Nf3 e6 3.c4 b6 4.a3 Bb7 5.Nc3 Be7 6.d5 O-O 7.e4 d6 8.Bd3 e5 9.O-O Bc8
10.Ne1 Bg4 11.Be2 Bxe2 12.Qxe2 Nbd7 13.Nd3 Ne8 14.Bd2 Bf6 15.b4 Qe7 16.Rfc1 Bg5
17.Bxg5 Qxg5 18.c5 f5 19.f3 fxe4 20.Nxe4 Qe7 21.cxd6 cxd6 22.Nb2 Ndf6 23.Rc6 Rd8
24.Rd1 Rd7 25.Nc4 Nxe4 26.fxe4 Qh4 27.Nd2 Rdf7 28.Rcc1 Rf2 29.Qe3 R2f4  0-1

[Event "Sparkassen Open"]
[Site "Dortmund GER"]
[Date "2008.07.02"]
[Round "4"]
[White "Richters,M"]
[Black "Wittenberg,A"]
[Result "0-1"]
[WhiteElo "1961"]
[BlackElo "2002"]

1.d4 Nf6 2.c4 e6 3.Nf3 b6 4.a3 Bb7 5.Nc3 Be7 6.d5 O-O 7.e4 d6 8.Bd3 h6 9.h3 Nbd7
10.Be3 Ba6 11.Nd4 Ne5 12.b3 Nxd3+ 13.Qxd3 exd5 14.exd5 Re8 15.O-O-O Nh7 16.Nf5 Bf8
17.g4 Bc8 18.Nd4 Bd7 19.f4 a6 20.h4 Bxg4 21.Rdg1 h5 22.f5 Qd7 23.Kd2 Be7
24.Ne4 Bxf5 25.Nf6+ Nxf6 26.Nxf5 Ng4 27.Bd4 Bf8 28.Ng3 g6 29.Ne4 Bh6+ 30.Kc2 Bg7
31.Bxg7 Kxg7 32.Qd4+ Re5 33.Rf1 f6 34.Rf4 Rae8 35.Rhf1 f5 36.Ng5 Ne3+ 37.Kc3 Nxf1
38.Rxf1 Qd8 39.Nf3 Qf6 40.Nxe5 Qxe5  0-1

[Event "Sparkassen Open"]
[Site "Dortmund GER"]
[Date "2008.07.04"]
[Round "7"]
[White "Boesel,A"]
[Black "Deinert,W"]
[Result "1-0"]
[WhiteElo "2017"]
[BlackElo "1872"]

1.d4 Nf6 2.c4 e6 3.Nf3 b6 4.a3 Bb7 5.Nc3 Be7 6.e3 O-O 7.Bd3 d6 8.O-O Nbd7
9.Re1 c5 10.e4 cxd4 11.Nxd4 e5 12.Nf5 Re8 13.Ne3 Nc5 14.Ned5 Rc8 15.b4 Ne6
16.Be3 Ba6 17.b5 Bb7 18.h3 Bxd5 19.Nxd5 Nxd5 20.cxd5 Rc3  1-0

[Event "ChInt Open"]
[Site "Paris FRA"]
[Date "2008.07.04"]
[Round "7"]
[White "Lalic,B"]
[Black "Roser,K"]
[Result "1/2-1/2"]
[WhiteElo "2514"]
[BlackElo "2409"]

1.d4 Nf6 2.c4 e6 3.Nf3 b6 4.a3 Bb7 5.Nc3 d5 6.cxd5 Nxd5 7.Bd2 Be7 8.Qc2 O-O
9.e4 Nxc3 10.Bxc3 c5 11.dxc5 bxc5 12.Rd1 Qc7 13.Ne5  1/2-1/2

[Event "Sparkassen Open"]
[Site "Dortmund GER"]
[Date "2008.07.05"]
[Round "8"]
[White "Knapp,M"]
[Black "Kunz,K"]
[Result "0-1"]
[WhiteElo "1964"]
[BlackElo "2198"]

1.d4 Nf6 2.c4 e6 3.Nf3 b6 4.a3 Ba6 5.Nbd2 c5 6.e3 Be7 7.Be2 O-O 8.O-O Nc6
9.Qc2 Rc8 10.Rd1 Qc7 11.dxc5 bxc5 12.b3 Rb8 13.Bb2 Rb7 14.Bc3 d5 15.Bd3 h6
16.h3 Rd8 17.Rab1 Rbb8 18.g4 d4 19.exd4 Nxd4 20.Bxd4 cxd4 21.b4 Bb7 22.Re1 Qf4
23.Qd1 Bd6 24.c5 Bc7 25.b5 Bd5 26.Bc4 d3 27.Qb3 Bxf3 28.Nxf3  0-1

[Event "World Open"]
[Site "Philadelphia USA"]
[Date "2008.07.05"]
[Round "7"]
[White "Sharavdorj,D"]
[Black "Perelshteyn,E"]
[Result "1-0"]
[WhiteElo "2436"]
[BlackElo "2555"]

1.d4 Nf6 2.Nf3 e6 3.c4 b6 4.a3 Ba6 5.Qc2 Bb7 6.Nc3 c5 7.dxc5 Bxc5 8.Bf4 O-O
9.Rd1 Na6 10.e3 Be7 11.Be2 Nc5 12.O-O a6 13.Rd4 d5 14.cxd5 exd5 15.Rdd1 Rc8
16.Qb1 Re8 17.Nd4 Bd6 18.Bxd6 Qxd6 19.Bf3 g6 20.Nde2 Qe5 21.Nf4 Nce4 22.Bxe4 dxe4
23.Rd4 Rcd8 24.Rfd1 Rxd4 25.Rxd4 g5 26.Nfe2 h5 27.h3 h4 28.Qd1 Qc7 29.g3 hxg3
30.Nxg3 Qe5 31.Rd6 Re6 32.Rxb6 Rxb6 33.Qd8+ Kg7 34.Qxb6 Bc8 35.Kg2 a5 36.Qb5 Qxb5
37.Nxb5 Bd7 38.Nd6 a4 39.Ngf5+ Kf8 40.Kg3 Be6 41.Nd4 Ke7 42.Nxe6 Kxe6 43.Nb5 Nd7
44.b3 axb3 45.Nd4+ Ke5 46.Nxb3 Nb6 47.Kg4 f6 48.Nc5 Nc4 49.a4 Na5 50.Kh5 Kf5
51.Kh6 Nc6 52.Kg7 Na5 53.Nxe4  1-0

[Event "ch-NOR Elite"]
[Site "Tonsberg NOR"]
[Date "2008.07.09"]
[Round "5"]
[White "Thomassen,J"]
[Black "Ekeberg,C"]
[Result "0-1"]
[WhiteElo "2350"]
[BlackElo "2349"]

1.d4 Nf6 2.c4 e6 3.Nf3 b6 4.a3 Bb7 5.Nc3 d5 6.cxd5 Nxd5 7.Qc2 Be7 8.e4 Nxc3
9.bxc3 O-O 10.Bd3 c5 11.O-O cxd4 12.cxd4 Qc8 13.Qe2 Ba6 14.Rd1 Bxd3 15.Rxd3 Nd7
16.Bg5 Bxg5 17.Nxg5 h6 18.Nh3 Qc4  0-1

[Event "XXIII Tadeusz Gniota Mem"]
[Site "Police POL"]
[Date "2008.07.15"]
[Round "8"]
[White "Koziak,V"]
[Black "Rudnicki,M"]
[Result "1-0"]
[WhiteElo "2489"]
[BlackElo "2197"]

1.d4 Nf6 2.c4 e6 3.Nf3 b6 4.a3 Bb7 5.Nc3 d5 6.cxd5 Nxd5 7.e3 g6 8.Bb5+ c6
9.Bd3 Bg7 10.h4 c5 11.h5 Nxc3 12.bxc3 Nc6 13.Rb1 Na5 14.e4 Qc7 15.O-O O-O
16.Bg5 Rac8 17.e5 cxd4 18.cxd4 Qc3 19.h6 Bh8 20.Qe2 Nc6 21.Be4 Ba8 22.Rfd1 Qxa3
23.d5 Nxe5 24.Nxe5 Bxe5 25.dxe6 Bxe4 26.Qxe4 f6 27.Rd5 Rfe8 28.Rxe5 fxg5
29.e7 Qd6 30.g3 Rc7 31.Re1 Qf6 32.Re6 Qf7 33.Qd4 Rc2 34.Rf6 Rd2 35.Qe5  1-0

[Event "41st Festival MTO"]
[Site "Biel SUI"]
[Date "2008.07.21"]
[Round "1"]
[White "Grachev,B"]
[Black "Gerstner,B"]
[Result "1-0"]
[WhiteElo "2640"]
[BlackElo "2189"]

1.d4 Nf6 2.Nf3 e6 3.c4 b6 4.a3 Ba6 5.e3 Be7 6.Nbd2 Bb7 7.Bd3 d5 8.O-O O-O
9.b3 c5 10.Bb2 Nbd7 11.Qe2 Ne4 12.Rfd1 cxd4 13.Nxd4 Bf6 14.cxd5 exd5 15.Nxe4 dxe4
16.Bb5 a6 17.Ne6 fxe6 18.Rxd7 Qe8 19.Rxg7+  1-0

[Event "Sun Pawn B"]
[Site "Illichevsk UKR"]
[Date "2008.07.21"]
[Round "2"]
[White "Prociuc,E"]
[Black "Agafii,V"]
[Result "0-1"]
[WhiteElo "2109"]
[BlackElo "2306"]

1.d4 e6 2.Nf3 Nf6 3.c4 b6 4.a3 Bb7 5.Nc3 d5 6.cxd5 exd5 7.g3 a6 8.Bg2 Bd6
9.O-O O-O 10.Ne5 Re8 11.Bg5 Bxe5 12.dxe5 Rxe5 13.f4 Re6 14.Bxd5 Bxd5 15.Bxf6 Qxf6
16.Nxd5 Qd8 17.Rf3 Nd7 18.Nc3 Nf6 19.Qxd8+ Rxd8 20.Rd3 Rxd3 21.exd3 Rd6 22.Rd1 c5
23.h3 Kf8 24.Kf2 h6 25.Kf3 Ke7 26.Re1+ Kd7 27.Re3 Nd5 28.Nxd5 Rxd5 29.Ke2 Rd6
30.Kd2 Re6 31.Rf3 Kd6 32.Rf1 h5 33.g4 hxg4 34.hxg4 Rh6 35.Kc3 Rh3 36.Re1 Rg3
37.g5 Rf3 38.Re4 b5 39.b3 g6 40.Kd2 Rf2+ 41.Kc3 a5 42.d4 Rf3+ 43.Kc2 c4 44.bxc4 bxc4
45.a4 Kd5 46.Re5+ Kxd4 47.Rxa5 Rxf4 48.Ra7 Rf2+ 49.Kb1 Kc3 50.a5 Rf1+ 51.Ka2 Rf5
52.Ka3 Rxg5 53.Ka4 Rf5 54.a6 Rf1 55.Rc7 Ra1+ 56.Kb5 Kb3 57.a7 c3 58.Rxf7 c2
59.Rc7 Rxa7  0-1